Central Library OPAC University of Rajshahi

The tragedies of Euripides / (Record no. 21652)

MARC details
000 -LEADER
fixed length control field 00855cam a22002771 4500
001 - CONTROL NUMBER
control field 21652
003 - CONTROL NUMBER IDENTIFIER
rucl marc code BD-RjUL
005 - DATE AND TIME OF LATEST TRANSACTION
control field 20211209000719.0
008 - FIXED-LENGTH DATA ELEMENTS--GENERAL INFORMATION
fixed length control field 140305s1967 enk b 000 0 eng d
035 ## - SYSTEM CONTROL NUMBER
System control number (BD-RjUL)21717
System control number (OCoLC)310026
040 ## - CATALOGING SOURCE
Original cataloging agency DLC
Transcribing agency ODaWU
Modifying agency OCoLC
-- Uk
-- DLC
-- BD-RjUL
Language of cataloging eng
041 ## - LANGUAGE CODE
Language code of text/sound track or separate title eng
082 ## - DEWEY DECIMAL CLASSIFICATION NUMBER
Classification number 882.01
Author mark and year WET 1967
100 1# - MAIN ENTRY--PERSONAL NAME
Personal name Webster, T. B. L.
Fuller form of name (Thomas Bertram Lonsdale),
Dates associated with a name 1905-1974.
9 (RLIN) 55952
245 14 - TITLE STATEMENT
Title The tragedies of Euripides /
Statement of responsibility, etc. by T.B.L. Webster.
260 ## - PUBLICATION, DISTRIBUTION, ETC. (IMPRINT)
Place of publication, distribution, etc. London :
Name of publisher, distributor, etc. Methuen,
Date of publication, distribution, etc. 1967.
300 ## - PHYSICAL DESCRIPTION
Pagination [7], 316 p.
Size 22 cm.
504 ## - BIBLIOGRAPHY, ETC. NOTE
Bibliography, etc Bibliographical footnotes and Index
600 00 - SUBJECT ADDED ENTRY--PERSONAL NAME
Personal name Euripides
General subdivision Criticism and interpretation.
650 #0 - SUBJECT ADDED ENTRY--TOPICAL TERM
Topical term or geographic name as entry element Mythology, Greek, in literature.
9 (RLIN) 55954
Topical term or geographic name as entry element Tragedy.
9 (RLIN) 66849
942 ## - ADDED ENTRY ELEMENTS (KOHA)
Source of classification or shelving scheme Dewey Decimal Classification
Koha item type Books
Holdings
Lost status Source of classification or shelving scheme Damaged status Not for loan Collection code Permanent Location Current Location Shelving location Date acquired Source of acquisition Cost, normal purchase price Total Checkouts Full call number Date last seen Copy number Koha item type
  Dewey Decimal Classification   Added to bundle Non-fiction Central Library, University of Rajshahi Central Library, University of Rajshahi Reading Room 20/08/1969 Zeittinger 63.00   882.01 WET 1967 05/03/2014 C-1 Books